Fußballvereine aus Europa - Statistiken

Allgemein
  • Dieses Quiz wurde 102 mal gespielt
  • Das Durchschnittsergebnis liegt bei 84 aus 172
Antwortstatistiken
% Korrekt
FC Bayern München
99%
Borussia Dortmund
94%
Karlsruher SC
91%
1.FC Köln
89%
Bayer 04 Leverkusen
89%
FC Schalke 04
89%
Eintracht Frankfurt
88%
RB Leipzig
88%
VfL Wolfsburg
88%
1.FC Heidenheim
86%
SC Freiburg
86%
1.FC Union Berlin
85%
FC St. Pauli
85%
VfB Stuttgart
85%
Werder Bremen
85%
Hamburger SV
84%
1.FSV Mainz 05
82%
Borussia Mönchengladbach
82%
FC Liverpool
82%
Manchester CIty
82%
Manchester United
82%
TSG Hoffenheim
82%
VfL Bochum
82%
1.FC Nürnberg
81%
FC Arsenal
81%
FC Barcelona
81%
Holstein Kiel
81%
Real Madrid
81%
FC Augsburg
80%
Espanyol Barcelona
78%
FC Chelsea
78%
Fortuna Düsseldorf
78%
Hannover 96
77%
Inter Mailand
76%
1.FC Kaiserslautern
74%
Atletico Madrid
74%
AC Mailand
73%
Eintracht Braunschweig
73%
SpVgg Greuther Fürth
73%
Hertha BSC
72%
Juventus Turin
72%
Paris St. Germain
72%
Olympique Marseille
70%
Royal Antwerp FC
69%
SSV Ulm
69%
SV Elversberg
69%
Yverdon-Sport FC
69%
Ajax Amsterdam
68%
AS Rom
68%
Aston Villa
68%
1.FC Magdeburg
67%
Preußen Münster
67%
Tottenham Hotspur
67%
Jahn Regensburg
66%
Sc Paderborn 07
66%
Lazio Rom
65%
Olympique Lyon
65%
SSC Neapel
65%
AS Monaco
64%
Real Betis Sevilla
64%
Wolfsberger AC
64%
Newcastle United
63%
FC Sevilla
61%
Rapid Wien
61%
SV Darmstadt 98
61%
Atalanta Bergamo
60%
West Ham United
60%
Austria Wien
59%
PSV Eindhoven
59%
Beerschot VA
58%
RB Salzburg
58%
FC Turin
57%
Nottingham Forest
57%
Sparta Rotterdam
57%
FC Everton
56%
FC Valencia
56%
Crystal Palace
53%
OGC Nizza
53%
Feyernoord Rotterdam
52%
Leicester City
51%
RCD Mallorca
51%
Young Boys Bern
51%
CFC Genua 1893
50%
Athletic Bilbao
49%
Club Brügge
49%
FC Basel
49%
Surm Graz
49%
AC Florenz
48%
FC Villareal
47%
KSV Cercle Brügge
47%
Real Sociedad San Sebastian
47%
Brighton & Hove Albion
45%
FC Bologna
45%
FC Zürich
45%
Racing Straßburg
45%
FC Nantes
44%
FC Southampton
44%
Stade Rennes
44%
FC Girona
43%
Grasshopper Club Zürich
43%
RSC Anderlecht
42%
FC Brentford
41%
KAA Gent
41%
Udinese Calcio
40%
Wolverhampton Wanderers
40%
FC Fulham
39%
Lille OSC
38%
Como 1907
36%
Hellas Verona
36%
KRC Genk
36%
AZ Alkmaar
35%
FC Toulouse
35%
Servette Genf
35%
AFC Bournemouth
34%
FC Venedig
34%
AS St. Etienne
33%
Celta Vigo
33%
FC Getafe
33%
FC Groningen
33%
Stade Brest
33%
Blau-Weiß Linz
32%
RC Lens
32%
AC Monza
31%
Stade Reims
30%
Rayo Vallecano
28%
FC Utrecht
27%
Twente Enschede
27%
Austria Klagenfurt
26%
FC St. Gallen
25%
Union Saint-Gilloise
25%
AC Le Havre
24%
FC Luzern
24%
Standart Lüttich
24%
US Lecce
24%
CA Osasuna
23%
FC Empoli
23%
FC Sion
23%
UD Las Palmas
23%
Cagliari Calcio
22%
CD Leganes
20%
Deportivo Alaves
20%
FC Lugano
20%
Grazer AK
20%
Parma Calcio
20%
SC Heerenveen
20%
WSG Tirol
20%
AJ Auxerre
19%
FC Lausanne-Sport
19%
FC Winterthur
19%
Real Valladolid
19%
NEC Nijmegen
18%
TSV Hartberg
17%
Montpellier HSC
16%
PEC Zwolle
16%
Almere City
15%
SCR Altach
15%
Fortuna Sittard
13%
Go Ahead Eagles Deventer
13%
Heracles Almelo
13%
NAC Breda
11%
RKC Waalwijk
11%
Willem II Tilburg
11%
KVC Westerlo
10%
KV Mechelen
9%
KV Kortrijk
8%
Linzer AK
8%
OH Leuven
8%
Ipswitch Town
7%
Sinr-Truidense VV
7%
Anger SCO
5%
FCV Dender EH
2%
RSC Charlerio
0%
Keine übereinstimmenden Quizze gefunden
Verteilung der Resultate
Anzahl Personen mit jedem Resultat
Perzentil nach korrekt beantworteten Fragen
Ihre Resultats-Entwicklung
Sie haben dieses Quiz noch nicht gespielt